Juicio laboral 2003 /
Obra en que se abordan los juicios laborales desde el punto de vista del procedimiento ordinario individual de trabajo; las partes y la personalidad; el procedimiento especial, incidentes, tercerías, recursos, ejecución del laudo; la preferencia de créditos y procedimiento paraprocesal. Contiene: Ma...
שמור ב:
| מחברים אחרים: | , , |
|---|---|
| פורמט: | אלקטרוני |
| שפה: | ספרדית |
| יצא לאור: |
México :
Raúl Juárez Carro : Centro de Investigación de Contenidos y Aplicaciones de Software Jurídico,
2003, c2003
|
| נושאים: | |
| תגים: |
אין תגיות, היה/י הראשונ/ה לתייג את הרשומה!
|
MARC
| LEADER | 00000nmm^a2200000^a^4500 | ||
|---|---|---|---|
| 001 | 000154612 | ||
| 005 | 20250521000000.0 | ||
| 009 | 20260310100401.352 | ||
| 037 | |a Acervo ITESO - Biblioteca | ||
| 041 | |a ESP | ||
| 082 | |a 344. 7201 |b JUA 2003 | ||
| 100 | |a Juárez Cacho, Angel J. |e (dir.) | ||
| 245 | 1 | 0 | |a Juicio laboral 2003 / |c Dir. de A.J. Juárez Cacho, M.A. Brindis Bello ; autor del software S. Muñoz Flores. |
| 264 | 4 | |a México : |b Raúl Juárez Carro : |b Centro de Investigación de Contenidos y Aplicaciones de Software Jurídico, |c 2003, c2003 | |
| 300 | |a 1 disco compacto de computadora | ||
| 336 | |a datos para computadora |b cod |2 rdacontenido | ||
| 337 | |a computadora |b c |2 rdamedio | ||
| 338 | |a disco de computadora |b cd |2 rdasoporte | ||
| 520 | |a Obra en que se abordan los juicios laborales desde el punto de vista del procedimiento ordinario individual de trabajo; las partes y la personalidad; el procedimiento especial, incidentes, tercerías, recursos, ejecución del laudo; la preferencia de créditos y procedimiento paraprocesal. Contiene: Marco normativo de la materia (actualizado a febrero de 2003); Jurisprudencia y tesis aisladas correlacionadas de la materia (actualizadas hasta enero de 2003); Esquemas procesales de cada una de las etapas del juicio laboral ; Formularios actualizados y clasificados para cada una de las etapas del proceso; Abstract doctrinal de conceptos jurídicos más utilizados en la materia. | ||
| 649 | |a XX | ||
| 650 | |a Juicios - |z México | ||
| 650 | |a Derecho Procesal Laboral - |z México | ||
| 650 | |a Derecho Procesal - |z México | ||
| 650 | |a Derecho Laboral - |z México | ||
| 650 | |a Derecho Social - |z México | ||
| 650 | |a Derecho Público - |z México | ||
| 700 | |a Brindis Bello, Miguel A. |e (dirección) | ||
| 700 | |a Muñoz Flores, Salvador |e (programación) | ||
| 910 | |a Fondo General | ||
| 920 | |a Electrónicos - Recursos en Disco | ||
| 905 | |a 207 | ||
| 901 | |a 0500086821 |b IT2 |c SWB |u 20250521 | ||
| 902 | |a https://opac.biblio.iteso.mx/vufind/Record/000154612 | ||